000 00391cam a2200145ua 4500
020 _a81-219-1142-7
082 _a621.301
_bTHE/TE
100 _aTheraja, B L.
245 _aText book of electrical technology, Vol 2 /
260 _aNew Delhi :
_bNirja Construction and Development Co Pvt Ltd ,
_c1995.
300 _a1148 ; .
500 _a*CSS
700 1 _aTheraja, A K .
942 _cBK
999 _c10360
_d10360